000 00352nam a22001577a 4500
003 MPLRDC
005 20220104113619.0
008 210129b ||||| |||| 00| 0 eng d
082 _a848.1 LS-7
100 _a老舍著
245 _a茶馆
_c
260 _a
_b商务印书馆
_c1989
300 _b
650 _a现代别集
942 _cBK
_o848.1 LS-7
999 _c999
_d989